| 000 | 01750nam a2200373 a 4500 | ||
|---|---|---|---|
| 999 |
_c436297 _d436297 |
||
| 003 | BLK | ||
| 005 | 20250311160211.0 | ||
| 008 | 211110b bul|||||r ||||||| ||bul|| | ||
| 020 | _a9789549913491 | ||
| 040 | _aBLK | ||
| 041 |
_aBUL _cBUL |
||
| 080 |
_b133 _z133 |
||
| 080 |
_b141.33 _z141.33 |
||
| 080 |
_b159.961 _z159.961 |
||
| 100 | 1 |
_aТихоплав, Виталий Юриевич _eпърви автор _9374820 |
|
| 139 |
_aТихоплав, Виталий Юриевич и др. _bТ 60 |
||
| 245 | 1 | 0 |
_aНаучно-езотеричните основи на мирозданието _cВиталий Тихоплав, Татяна Тихоплав ; прев. Георги Рачев |
| 257 | _aRUS | ||
| 260 |
_aСофия _bНСМ - Медиа _c2015 _fСофия : Експреспринт |
||
| 300 |
_a382 с. _c21 см |
||
| 380 | _a1 | ||
| 490 |
_aАвангардни идеи за човека и Вселената : Формулата на Бога и спиралата на знанието _9207862 |
||
| 490 |
_aНа прага на финия свят _9203121 |
||
| 500 | _aОриг. загл. Научно-эзотерические основы мироздания : Жить, чтобы знать / В. Ю. Тихоплав, Т. С. Тихоплав | ||
| 650 | 0 |
_aЕзотерика _9436404 |
|
| 650 | 4 |
_aПарапсихология _9165687 |
|
| 653 | _aпарапсихология | ||
| 653 | 7 |
_aмистика _9191132 |
|
| 700 | 1 |
_aТихоплав, Татяна Серафимовна _eсъавт. _9374819 |
|
| 700 | 1 |
_aРачев, Георги Иванов _9371778 |
|
| 852 |
_bП _c13/Т 60 В |
||
| 942 |
_cKNG _n0 _s1 _06 |
||
| 944 |
_aCR _c2021-11-10 _k30576 _lЦветомила Тодорова |
||